The British empire : teach yourself
Each title in the history category of Teach Yourself makes complex events accessible when you’re seeking an alternative to dry, academic texts. Incorporating gripping personal stories, our Teach Yourself History Books transform history from a record of facts and dates to a dynamic, fascinating exper...
Guardado en:
| Autor principal: | |
|---|---|
| Formato: | Libro |
| Lenguaje: | Undetermined |
| Publicado: |
London
Hodder education
2005
|
| Materias: | |
| Etiquetas: |
Agregar Etiqueta
Sin Etiquetas, Sea el primero en etiquetar este registro!
|
| Thư viện lưu trữ: | Trung tâm Học liệu Trường Đại học Cần Thơ |
|---|
| LEADER | 00967nam a2200241Ia 4500 | ||
|---|---|---|---|
| 001 | CTU_100651 | ||
| 008 | 210402s9999 xx 000 0 und d | ||
| 020 | |c 207000 | ||
| 082 | |a 910.09171 | ||
| 082 | |b L987 | ||
| 100 | |a Lynch, Michael | ||
| 245 | 4 | |a The British empire : | |
| 245 | 0 | |b teach yourself | |
| 245 | 0 | |c Michael Lynch | |
| 260 | |a London | ||
| 260 | |b Hodder education | ||
| 260 | |c 2005 | ||
| 520 | |a Each title in the history category of Teach Yourself makes complex events accessible when you’re seeking an alternative to dry, academic texts. Incorporating gripping personal stories, our Teach Yourself History Books transform history from a record of facts and dates to a dynamic, fascinating experience. | ||
| 650 | |a Imperial federation,Great Britain,Great Britain | ||
| 650 | |x Colonies,History,Colonies,History | ||
| 650 | |y 19th century,20th century | ||
| 904 | |i Hiếu | ||
| 980 | |a Trung tâm Học liệu Trường Đại học Cần Thơ | ||